<?xml version="1.0" encoding="UTF-8"?>
<record
    xmlns:xsi="http://www.w3.org/2001/XMLSchema-instance"
    xsi:schemaLocation="http://www.loc.gov/MARC21/slim http://www.loc.gov/standards/marcxml/schema/MARC21slim.xsd"
    xmlns="http://www.loc.gov/MARC21/slim">

  <leader>02240nam a22003617a 4500</leader>
  <controlfield tag="003">NALT</controlfield>
  <controlfield tag="005">20250617104111.0</controlfield>
  <controlfield tag="008">      s2554    th ||||| |||| 00| 0 tha d</controlfield>
  <datafield tag="020" ind1=" " ind2=" ">
    <subfield code="a">9786167202242</subfield>
  </datafield>
  <datafield tag="040" ind1=" " ind2=" ">
    <subfield code="a">NALT</subfield>
  </datafield>
  <datafield tag="050" ind1=" " ind2=" ">
    <subfield code="a">JC 323 </subfield>
    <subfield code="b">&#xE2D;383&#xE02; 2554 </subfield>
  </datafield>
  <datafield tag="100" ind1="0" ind2=" ">
    <subfield code="a">&#xE2D;&#xE23;&#xE2D;&#xE19;&#xE07;&#xE04;&#xE4C; &#xE17;&#xE34;&#xE1E;&#xE22;&#xE4C;&#xE1E;&#xE34;&#xE21;&#xE25;</subfield>
    <subfield code="9">66104</subfield>
  </datafield>
  <datafield tag="245" ind1="1" ind2="0">
    <subfield code="a">&#xE40;&#xE02;&#xE15;&#xE41;&#xE14;&#xE19;&#xE2A;&#xE22;&#xE32;&#xE21;&#xE1B;&#xE23;&#xE30;&#xE40;&#xE17;&#xE28;&#xE44;&#xE17;&#xE22;-&#xE21;&#xE32;&#xE40;&#xE25;&#xE40;&#xE0B;&#xE35;&#xE22;-&#xE1E;&#xE21;&#xE48;&#xE32;-&#xE25;&#xE32;&#xE27;-&#xE01;&#xE31;&#xE21;&#xE1E;&#xE39;&#xE0A;&#xE32; 6 =</subfield>
    <subfield code="b">Bounderies of Siam/Thailand-Malaysia-Burma-Laos-Cambodia /</subfield>
    <subfield code="c">&#xE2D;&#xE23;&#xE2D;&#xE19;&#xE07;&#xE04;&#xE4C; &#xE17;&#xE34;&#xE1E;&#xE22;&#xE4C;&#xE1E;&#xE34;&#xE21;&#xE25;, &#xE18;&#xE19;&#xE28;&#xE31;&#xE01;&#xE14;&#xE34;&#xE4C; &#xE2A;&#xE32;&#xE22;&#xE08;&#xE33;&#xE1B;&#xE32;, &#xE14;&#xE38;&#xE25;&#xE22;&#xE20;&#xE32;&#xE04; &#xE1B;&#xE23;&#xE35;&#xE0A;&#xE32;&#xE23;&#xE31;&#xE0A;&#xE0A;, &#xE2A;&#xE38;&#xE20;&#xE25;&#xE31;&#xE01;&#xE29;&#xE13;&#xE4C; &#xE01;&#xE32;&#xE0D;&#xE08;&#xE19;&#xE02;&#xE38;&#xE19;&#xE14;&#xE35;, &#xE2D;&#xE31;&#xE04;&#xE23;&#xE1E;&#xE07;&#xE29;&#xE4C; &#xE04;&#xE48;&#xE33;&#xE04;&#xE39;&#xE13;.</subfield>
    <subfield code="n">	</subfield>
  </datafield>
  <datafield tag="246" ind1="3" ind2="1">
    <subfield code="a">Bounderies of Siam/Thailand-Malaysia-Burma-Laos-Cambodia.</subfield>
  </datafield>
  <datafield tag="250" ind1=" " ind2=" ">
    <subfield code="a">&#xE1E;&#xE34;&#xE21;&#xE1E;&#xE4C;&#xE04;&#xE23;&#xE31;&#xE49;&#xE07;&#xE41;&#xE23;&#xE01;.</subfield>
  </datafield>
  <datafield tag="260" ind1=" " ind2=" ">
    <subfield code="a">&#xE01;&#xE23;&#xE38;&#xE07;&#xE40;&#xE17;&#xE1E;&#xE2F; : </subfield>
    <subfield code="b">&#xE21;&#xE39;&#xE25;&#xE19;&#xE34;&#xE18;&#xE34;&#xE42;&#xE04;&#xE23;&#xE07;&#xE01;&#xE32;&#xE23;&#xE15;&#xE33;&#xE23;&#xE32;&#xE2A;&#xE31;&#xE07;&#xE04;&#xE21;&#xE28;&#xE32;&#xE2A;&#xE15;&#xE23;&#xE4C;&#xE41;&#xE25;&#xE30;&#xE21;&#xE19;&#xE38;&#xE29;&#xE22;&#xE28;&#xE32;&#xE2A;&#xE15;&#xE23;&#xE4C;, </subfield>
    <subfield code="c">2554.</subfield>
  </datafield>
  <datafield tag="300" ind1=" " ind2=" ">
    <subfield code="a">414 &#xE2B;&#xE19;&#xE49;&#xE32; :</subfield>
    <subfield code="b">&#xE20;&#xE32;&#xE1E;&#xE1B;&#xE23;&#xE30;&#xE01;&#xE2D;&#xE1A;, &#xE41;&#xE1C;&#xE19;&#xE17;&#xE35;&#xE48; ;</subfield>
    <subfield code="c">21 &#xE0B;&#xE21;.</subfield>
  </datafield>
  <datafield tag="490" ind1=" " ind2="0">
    <subfield code="a">&#xE42;&#xE04;&#xE23;&#xE07;&#xE01;&#xE32;&#xE23;&#xE28;&#xE36;&#xE01;&#xE29;&#xE32;&#xE41;&#xE25;&#xE30;&#xE27;&#xE34;&#xE08;&#xE31;&#xE22;&#xE40;&#xE23;&#xE37;&#xE48;&#xE2D;&#xE07; "&#xE40;&#xE02;&#xE15;&#xE41;&#xE14;&#xE19;&#xE02;&#xE2D;&#xE07;&#xE40;&#xE23;&#xE32;-&#xE40;&#xE1E;&#xE37;&#xE48;&#xE2D;&#xE19;&#xE1A;&#xE49;&#xE32;&#xE19;&#xE2D;&#xE32;&#xE40;&#xE0B;&#xE35;&#xE22;&#xE19;&#xE02;&#xE2D;&#xE07;&#xE40;&#xE23;&#xE32;".</subfield>
  </datafield>
  <datafield tag="650" ind1=" " ind2="4">
    <subfield code="a">&#xE40;&#xE02;&#xE15;&#xE41;&#xE14;&#xE19;</subfield>
    <subfield code="9">28333</subfield>
  </datafield>
  <datafield tag="651" ind1=" " ind2="4">
    <subfield code="a">&#xE01;&#xE31;&#xE21;&#xE1E;&#xE39;&#xE0A;&#xE32;</subfield>
    <subfield code="x">&#xE40;&#xE02;&#xE15;&#xE41;&#xE14;&#xE19; </subfield>
    <subfield code="9">16655</subfield>
  </datafield>
  <datafield tag="651" ind1=" " ind2="4">
    <subfield code="a">&#xE25;&#xE32;&#xE27;</subfield>
    <subfield code="x">&#xE40;&#xE02;&#xE15;&#xE41;&#xE14;&#xE19;</subfield>
    <subfield code="9">32789</subfield>
  </datafield>
  <datafield tag="651" ind1=" " ind2="4">
    <subfield code="a">&#xE44;&#xE17;&#xE22; </subfield>
    <subfield code="x">&#xE40;&#xE02;&#xE15;&#xE41;&#xE14;&#xE19; </subfield>
    <subfield code="9">16511</subfield>
  </datafield>
  <datafield tag="651" ind1=" " ind2="4">
    <subfield code="a">&#xE1E;&#xE21;&#xE48;&#xE32; </subfield>
    <subfield code="x">&#xE40;&#xE02;&#xE15;&#xE41;&#xE14;&#xE19;</subfield>
    <subfield code="9">66102</subfield>
  </datafield>
  <datafield tag="651" ind1=" " ind2="4">
    <subfield code="a">&#xE21;&#xE32;&#xE40;&#xE25;&#xE40;&#xE0B;&#xE35;&#xE22;</subfield>
    <subfield code="x">&#xE40;&#xE02;&#xE15;&#xE41;&#xE14;&#xE19;</subfield>
    <subfield code="9">32793</subfield>
  </datafield>
  <datafield tag="651" ind1=" " ind2="4">
    <subfield code="a">&#xE40;&#xE2D;&#xE40;&#xE0A;&#xE35;&#xE22;&#xE15;&#xE30;&#xE27;&#xE31;&#xE19;&#xE2D;&#xE2D;&#xE01;&#xE40;&#xE09;&#xE35;&#xE22;&#xE07;&#xE43;&#xE15;&#xE49; </subfield>
    <subfield code="x">&#xE40;&#xE02;&#xE15;&#xE41;&#xE14;&#xE19;</subfield>
    <subfield code="9">66101</subfield>
  </datafield>
  <datafield tag="700" ind1="0" ind2=" ">
    <subfield code="a">&#xE18;&#xE19;&#xE28;&#xE31;&#xE01;&#xE14;&#xE34;&#xE4C; &#xE2A;&#xE32;&#xE22;&#xE08;&#xE33;&#xE1B;&#xE32;</subfield>
    <subfield code="9">66106</subfield>
  </datafield>
  <datafield tag="700" ind1="0" ind2=" ">
    <subfield code="a">&#xE14;&#xE38;&#xE25;&#xE22;&#xE20;&#xE32;&#xE04; &#xE1B;&#xE23;&#xE35;&#xE0A;&#xE32;&#xE23;&#xE31;&#xE0A;&#xE0A;</subfield>
    <subfield code="9">31418</subfield>
  </datafield>
  <datafield tag="700" ind1="0" ind2=" ">
    <subfield code="a">&#xE2A;&#xE38;&#xE20;&#xE25;&#xE31;&#xE01;&#xE29;&#xE13;&#xE4C; &#xE01;&#xE32;&#xE0D;&#xE08;&#xE19;&#xE02;&#xE38;&#xE19;&#xE14;&#xE35;</subfield>
    <subfield code="9">66103</subfield>
  </datafield>
  <datafield tag="700" ind1="0" ind2=" ">
    <subfield code="a">&#xE2D;&#xE31;&#xE04;&#xE23;&#xE1E;&#xE07;&#xE29;&#xE4C; &#xE04;&#xE48;&#xE33;&#xE04;&#xE39;&#xE13;</subfield>
    <subfield code="9">15481</subfield>
  </datafield>
  <datafield tag="850" ind1=" " ind2=" ">
    <subfield code="a">NALT</subfield>
  </datafield>
  <datafield tag="942" ind1=" " ind2=" ">
    <subfield code="c">GB</subfield>
    <subfield code="2">lcc</subfield>
  </datafield>
  <datafield tag="996" ind1=" " ind2=" ">
    <subfield code="a">saiphon.d</subfield>
    <subfield code="b">CATSTF	</subfield>
    <subfield code="c">2025-06-17</subfield>
  </datafield>
  <datafield tag="999" ind1=" " ind2=" ">
    <subfield code="c">63354</subfield>
    <subfield code="d">63354</subfield>
  </datafield>
  <datafield tag="998" ind1=" " ind2=" ">
    <subfield code="j">104</subfield>
    <subfield code="k"> &#xE19;&#xE32;&#xE07;&#xE2A;&#xE32;&#xE27;&#xE2A;&#xE32;&#xE22;&#xE1D;&#xE19;  &#xE14;&#xE35;&#xE07;&#xE32;&#xE21;</subfield>
  </datafield>
  <datafield tag="952" ind1=" " ind2=" ">
    <subfield code="0">0</subfield>
    <subfield code="1">0</subfield>
    <subfield code="4">0</subfield>
    <subfield code="7">0</subfield>
    <subfield code="8">CGBL</subfield>
    <subfield code="a">NALT</subfield>
    <subfield code="b">NALT</subfield>
    <subfield code="e">&#xE1A;&#xE23;&#xE34;&#xE08;&#xE32;&#xE04;</subfield>
    <subfield code="l">0</subfield>
    <subfield code="o">JC 323 &#xE2D;383&#xE02; 2554 &#xE25;.6</subfield>
    <subfield code="p">3961185334</subfield>
    <subfield code="r">2017-06-09 00:00:00</subfield>
    <subfield code="w">2017-06-09</subfield>
    <subfield code="y">GB</subfield>
  </datafield>
  <datafield tag="952" ind1=" " ind2=" ">
    <subfield code="0">0</subfield>
    <subfield code="1">0</subfield>
    <subfield code="2">lcc</subfield>
    <subfield code="4">0</subfield>
    <subfield code="7">0</subfield>
    <subfield code="8">CGBL</subfield>
    <subfield code="a">NALT</subfield>
    <subfield code="b">NALT</subfield>
    <subfield code="c">GEN</subfield>
    <subfield code="e">&#xE1A;&#xE23;&#xE34;&#xE08;&#xE32;&#xE04;</subfield>
    <subfield code="l">0</subfield>
    <subfield code="o">JC 323 &#xE2D;383&#xE02; 2554 &#xE25;.6</subfield>
    <subfield code="p">3961184512</subfield>
    <subfield code="r">2017-06-09 00:00:00</subfield>
    <subfield code="t">&#xE25;.6</subfield>
    <subfield code="w">2017-06-09</subfield>
    <subfield code="y">GB</subfield>
  </datafield>
</record>
